|
|
|
|
| LEADER |
00000nam0a2200000 4500 |
| 001 |
38177 |
| 005 |
20231031005116.0 |
| 035 |
|
|
|a (RuTPU)RU\TPU\book\38801
|
| 090 |
|
|
|a 38177
|
| 100 |
|
|
|a 20020221d1976 km y0rusy50 ca
|
| 101 |
0 |
|
|a rus
|
| 102 |
|
|
|a RU
|
| 105 |
|
|
|a a z 001zy
|
| 200 |
1 |
|
|a Рентгенолюминофоры и рентгеновские экраны
|f А. М. Гурвич
|
| 210 |
|
|
|a Москва
|c Атомиздат
|d 1976
|
| 215 |
|
|
|a 153 с.
|c ил.
|
| 320 |
|
|
|a Библиогр.: с. 143-148.
|
| 320 |
|
|
|a Предм. указ.: с. 149-151.
|
| 610 |
1 |
|
|a рентгенолюминесценция
|
| 610 |
1 |
|
|a рентгеновские экраны
|
| 610 |
1 |
|
|a рентгенолюминофоры
|
| 675 |
|
|
|a 621.386.8
|v 3
|
| 700 |
|
1 |
|a Гурвич
|b А. М.
|g Александр Маркович
|
| 801 |
|
1 |
|a RU
|b 63413507
|c 20020221
|g PSBO
|
| 801 |
|
2 |
|a RU
|b 63413507
|c 20110829
|g PSBO
|
| 942 |
|
|
|c BK
|